Vincitori Campionato mondiale di pallavolo femminile - Statistics

Statistiche generali
  • Questo quiz è stato fatto 22 volte
    7 dall'ultimo reset
  • Il punteggio medio è 15 su 20
Statistiche sulle risposte
Edizione Continente Nazionale vincitrice % Corretto
1982 Asia Cina
100%
1986 Asia Cina
100%
2002 Europa Italia
100%
2025 Europa Italia
100%
1962 Asia Giappone
75%
1967 Asia Giappone
75%
1974 Asia Giappone
75%
2006 Asia / Europa Russia
75%
2010 Asia / Europa Russia
75%
2018 Europa Serbia
75%
2022 Europa Serbia
75%
1952 Asia / Europa Unione Sovietica
75%
1956 Asia / Europa Unione Sovietica
75%
1960 Asia / Europa Unione Sovietica
75%
1970 Asia / Europa Unione Sovietica
75%
1990 Asia / Europa Unione Sovietica
75%
1978 America del Nord Cuba
50%
1994 America del Nord Cuba
50%
1998 America del Nord Cuba
50%
2014 America del Nord Stati Uniti
50%
Nessun quiz corrispondente trovato
Distribuzione punteggi
Percentuale di utenti per punteggio
Percentile per numero di risposta
I tuoi punteggi nel tempo
Non hai fatto questo quiz dall'ultimo reset